UBT Library

Tactics and techniques of community practice / (Record no. 39638)

000 -LEADER
fixed length control field 00626cam a2200229 a 4500
001 - CONTROL NUMBER
control field 1408179
005 - DATE AND TIME OF LATEST TRANSACTION
control field 20180103073735.0
008 - FIXED-LENGTH DATA ELEMENTS--GENERAL INFORMATION
fixed length control field 841025s1984 ilua b 001 0 eng
010 ## - LIBRARY OF CONGRESS CONTROL NUMBER
LC control number 83062004
020 ## - INTERNATIONAL STANDARD BOOK NUMBER
International Standard Book Number 0875812996 (pbk.)
040 ## - CATALOGING SOURCE
Original cataloging agency DLC
Transcribing agency DLC
Modifying agency DLC
-- OCoLC
041 ## - LANGUAGE CODE
Language code of text/sound track or separate title eng
043 ## - GEOGRAPHIC AREA CODE
Geographic area code n-us---
080 ## - UNIVERSAL DECIMAL CLASSIFICATION NUMBER
Universal Decimal Classification number 307 COX
082 00 - DEWEY DECIMAL CLASSIFICATION NUMBER
Classification number 307 COX
Edition number 19
100 ## - Rafti
Rafti 53
101 ## - Shkurtesa
Shkurtesa MEN
245 00 - TITLE STATEMENT
Title Tactics and techniques of community practice /
Statement of responsibility, etc [editors] Fred M. Cox ... [et al.].
504 ## - BIBLIOGRAPHY, ETC. NOTE
Bibliography, etc Includes bibliographies and indexes.
906 ## - LOCAL DATA ELEMENT F, LDF (RLIN)
a 7
b cbc
c orignew
d 2
e opcn
f 19
g y-gencatlg
942 ## - ADDED ENTRY ELEMENTS (KOHA)
Source of classification or shelving scheme
Item type Books
Holdings
Withdrawn status Lost status Source of classification or shelving scheme Damaged status Not for loan Collection code Permanent location Current location Shelving location Date acquired Total Checkouts Full call number Barcode Date last seen Price effective from Koha item type
          Koleksioni i përgjithshem UBT - Lipjan UBT - Lipjan Koleksioni i përgjithshem 01/03/2018   307 COX 002-2994080 01/03/2018 01/03/2018 Books
UBT Library © 2015-2024. All rights reserved University Education for Business and Technology